1451 1064 1185 1414 1807 1265 1359 1617 1296 1154 1722 1951 1133 1459 1977 1443 1739 1558 1516 1356 1196 1312 1516 1351 1329 1732 1714 1442 2000 1601 1620 1403 1551 1283 1933 1389 1261 1685 1629 1590 1541 1009 1003 1102 1353 1980 1747 1333 1343 1364 1254 1405 1454 1293 1125 1041 1204 1921 1504 1211 1727 1831 1572 1771 1780 1191 1889 1550 1686 1425 1725 1477 1519 1136 1421 1880 1538 1621 1875 1025 1527 1688 1813 1758 1080 1308 1650 1735 1182 1190 1220 1751 1780 1869 1763 1308 1110 1705 1234 BCNSPRNW ULIB Ver.6.0+V

เปลี่ยนเป็นภาษาไทย

Change to English
 แสดงรายละเอียดบรรณานุกรม
  กลับหน้าหลัก

Brief Record : Get Marc (ISO 2709) : E-mail record : QR code < ปิดหน้าต่าง
LEADER : 00000nam 2200000uu 4500
001    13399114061
003     ULIB
008    110810s||||||||th 000 0 tha d
020    9749457579
050 04 HD69^bศ162ท 2549
100 0  ศรัณยู กลิ่นจันทร์
245 10 ที่ปรึกษาการบริการจัดการทรัพยากรมนุษย์ การบริหารงาน บริหารตนเอง : ปัญหาและการตัดสินใจ แรงจูงใจและการตลาด /^cศรัณยู กลิ่นจันทร์
260    [กรุงเทพฯ. :^bเคล็ดไทย,^c2549]
300    222 หน้า
650  7 การบริหารงาน
650  7 การบริหารจัดการทรัพยากรมนุษย์
650  7 ความขัดแย้ง
650  7 แรงจูงใจ
945    ^p0^l0^i020285
995    ทศพร
999 ^a ทศพร
รายการนี้ยังไม่มีแท็ก
คุณยังไม่ได้ล็อกอิน คุณสามารถมีกิจกรรมร่วมกับเว็บไซต์ได้ แต่ต้องล็อกอินก่อน ::
  ล็อกอิน

รายการสื่อสารสนเทศ

ลำดับที่ ประเภท เลขเรียก/บาร์โค้ด สถานที่ สถานะ
- ไม่พบข้อมูล -

รายการใกล้เคียง
    หัวเรื่อง [การบริหารงาน]
    หัวเรื่อง [ความขัดแย้ง]
    หัวเรื่อง [แรงจูงใจ]

BibComment


ยังไม่เคยถูกคอมเมนท์

คอมเมนท์ทรัพยากรรายการนี้
  คอมเมนท์: ที่ปรึกษาการบริกา..


 Copyright 2026. Bcnsprnw @Library